| 000 | 01729nam a2200385 c 4500 | ||
|---|---|---|---|
| 003 | BLK | ||
| 005 | 20250318005547.0 | ||
| 008 | 180410b bul|||||r ||||||| ||bul|| | ||
| 010 | _aKNG00172227000 | ||
| 040 | _aBLK | ||
| 041 |
_aBUL _cBUL |
||
| 080 |
_aСъздаване на насаждения по естествен път _b630.234 _x(497.2)(048.8) _z630.234(497.2)(048.8) |
||
| 100 | 1 |
_aГеоргиев, Георги Леонидов _eпърви автор _9254110 |
|
| 700 | 1 |
_aТюфекчиев, Константин _eсъавт. _9260982 |
|
| 700 |
_aХайтов, Николай Александров _d1919-2002 _gПисател. Драматург. _9431013 |
||
| 139 |
_aГеоргиев, Георги Леонидов _bГ 37 |
||
| 245 | 1 | 0 |
_aРиломанастирски гори _bОбзор _cГеорги Леонидов Георгиев; съавт. Константин Тюфекчиев; предг. от Николай Хайтов. |
| 257 | _aBGR | ||
| 260 |
_аСофия _bЗемиздат _c1989 _fХасково : Ат. Стратиев |
||
| 300 |
_a132 с. _bсъс сх., диагр., 8 л. ил. _c20 см |
||
| 380 | _aDN | ||
| 490 | 1 | _aЕкологичен свят | |
| 650 | 4 |
_aГори - България - опазване _9283497 |
|
| 650 | 4 |
_aНационални паркове и резервати - България _9269541 |
|
| 651 | 4 |
_aРила _9179442 |
|
| 653 | _aгори | ||
| 653 | _aрезервати | ||
| 653 | _aРила | ||
| 852 | _aЦб 160756 | ||
| 856 | 4 |
_qpdf _u |
|
| 856 | 4 |
_qpdf _u |
|
| 942 |
_cKNG _n0 |
||
| 944 |
_aCR _c26.02.2015 _k _lCRON CRON |
||
| 944 |
_aED _c26.02.2015 _kХристина_Везирева |
||
| 999 |
_c164688 _d164688 |
||